[Event "TUR-ch"]
[Site "Kemer"]
[Date "2011.02.10"]
[Round "7"]
[White "Bilgin, Murat Evrensel"]
[Black "Bozkurt, Ilker Nadir"]
[Result "0-1"]
[WhiteElo "1869"]
[BlackElo "2109"]
[PlyCount "91"]
[EventDate "2011.02.05"]
[EventType "swiss"]
[EventRounds "10"]
[EventCountry "TUR"]
[SourceTitle "CBM 140 Extra"]
[Source "ChessBase"]
[SourceDate "2011.03.01"]
[SourceVersion "1"]
[SourceVersionDate "2011.03.01"]
[SourceQuality "1"]

1. Nf3 d5 2. c4 e6 3. g3 Nf6 4. Bg2 Be7 5. 0-0 0-0 6. b3 c5 7. Bb2 Nc6 8. e3 d4 9. exd4 cxd4 10. Re1 Ne8 11. d3 f6 12. Bh3 Nc7 13. Na3 e5 14. Bxc8 Qxc8 15. Nc2 Qd7 16. Bc1 a5 17. Rb1 b5 18. Nh4 g5 19. Ng2 Qf5 20. g4 Qg6 21. a3 Rab8 22. Qf3 Rb6 23. Bd2 Rfb8 24. c5 Ra6 25. b4 a4 26. Re2 Rd8 27. h4 h6 28. h5 Qh7 29. Qe4 f5 30. gxf5 Rf8 31. f4 gxf4 32. Nxf4 exf4 33. Bxf4 Bg5 34. Bxc7 Qxc7 35. Nxd4 Nxd4 36. Qxd4 Rd8 37. Qe4 Qg3+ 38. Rg2 Qxd3 39. Qe7 Qxb1+ 40. Kh2 Qd1 41. Qe4 Qd4 42. Qe2 Rf6 43. c6 Rxc6 44. f6 Qh4+ 45. Kg1 Rc1+ 46. Qf1 0-1

[Event "TUR-ch"]
[Site "Kemer"]
[Date "2011.02.09"]
[Round "6"]
[White "Bozkurt, Ilker Nadir"]
[Black "Afyoncu, Omer"]
[Result "0-1"]
[WhiteElo "2109"]
[BlackElo "2116"]
[PlyCount "112"]
[EventDate "2011.02.05"]
[EventType "swiss"]
[EventRounds "10"]
[EventCountry "TUR"]
[SourceTitle "CBM 140 Extra"]
[Source "ChessBase"]
[SourceDate "2011.03.01"]
[SourceVersion "1"]
[SourceVersionDate "2011.03.01"]
[SourceQuality "1"]

1. c4 f5 2. g3 Nf6 3. Bg2 g6 4. Nc3 Bg7 5. d3 Nc6 6. e4 d6 7. Nge2 fxe4 8. dxe4 0-0 9. 0-0 Kh8 10. h3 Nd7 11. b3 e5 12. Be3 Nc5 13. Qd2 Ne6 14. Bh6 Bxh6 15. Qxh6 Ng5 16. Nd5 Bd7 17. Rad1 a5 18. a4 Nb4 19. Nec3 Na6 20. Nb1 Nc5 21. Nd2 c6 22. Nc3 Qe7 23. Kh2 Nge6 24. Qe3 g5 25. Ne2 Rf6 26. Nf3 h6 27. Rd2 Be8 28. Rfd1 Rd8 29. Kg1 Bh5 30. g4 Bg6 31. Ng3 Rf4 32. Nf5 Bxf5 33. exf5 Re4 34. Nh4 gxh4 35. Bxe4 Ng5 36. Bg2 Nf7 37. f4 Re8 38. fxe5 Qxe5 39. Qxe5+ Rxe5 40. Rxd6 Nxd6 41. Rxd6 Kh7 42. Kf2 Re7 43. Bf3 Nxb3 44. f6 Rf7 45. Be4+ Kg8 46. Rd8+ Rf8 47. Bh7+ Kf7 48. Bg6+ Kg8 49. Rd6 Nc5 50. Bc2 Kf7 51. Kf3 Re8 52. Bf5 Re1 53. g5 Rf1+ 54. Kg4 h5+ 55. Kxh5 Rxf5 56. Kh6 Rxg5 0-1

[Event "TUR-ch"]
[Site "Kemer"]
[Date "2011.02.06"]
[Round "3"]
[White "Topak, Engin"]
[Black "Bozkurt, Ilker Nadir"]
[Result "1-0"]
[WhiteElo "2273"]
[BlackElo "2109"]
[PlyCount "113"]
[EventDate "2011.02.05"]
[EventType "swiss"]
[EventRounds "10"]
[EventCountry "TUR"]
[SourceTitle "CBM 140 Extra"]
[Source "ChessBase"]
[SourceDate "2011.03.01"]
[SourceVersion "1"]
[SourceVersionDate "2011.03.01"]
[SourceQuality "1"]

1. d4 d5 2. c4 e6 3. Nc3 Be7 4. Nf3 Nf6 5. Bf4 0-0 6. e3 c5 7. dxc5 Bxc5 8. a3 Nc6 9. Be2 a6 10. b4 Be7 11. cxd5 exd5 12. 0-0 Be6 13. Nd4 Rc8 14. Rc1 Qd7 15. Nxe6 fxe6 16. Na4 Rce8 17. Bf3 Bd6 18. Nc5 Bxc5 19. Rxc5 Rc8 20. Qb3 b6 21. Rc2 Ne7 22. Be5 Rxc2 23. Qxc2 Ng6 24. Bd4 Qd6 25. Rc1 Ne7 26. Qb2 Qd8 27. Be2 b5 28. Bd3 Ng4 29. f3 Nf6 30. Rc2 Qd7 31. Bc5 Rd8 32. Bd4 Rf8 33. Bc5 Rd8 34. Qe5 Nc6 35. Qg5 Rc8 36. Qf4 Rd8 37. Bd4 Nxd4 38. exd4 Qd6 39. Qxd6 Rxd6 40. Rc7 g6 41. Kf2 Nd7 42. Ke3 Kg7 43. a4 bxa4 44. b5 a5 45. Ra7 Kf6 46. Rxa5 Nb6 47. f4 h6 48. Ra6 g5 49. g3 Ke7 50. fxg5 hxg5 51. h4 gxh4 52. gxh4 a3 53. Rxa3 Nc4+ 54. Bxc4 dxc4 55. Ra7+ Kf6 56. Rc7 Rb6 57. Rc5 1-0